[Event "DSOL 05 Liga Gr-B 1st"]
[Site "Playchess.com INT"]
[Date "2020.07.24"]
[Round "5.1"]
[White "Blocher, Lorenz"]
[Black "Tischer, Christian Janek"]
[Result "1/2-1/2"]
[WhiteElo "1761"]
[BlackElo "1843"]
[PlyCount "123"]
[EventDate "2020.06.22"]
[EventType "team-tourn (rapid)"]
[EventCountry "GER"]
[SourceTitle "EXT 2021"]
[Source "ChessBase"]
[SourceDate "2020.10.23"]
[SourceVersion "1"]
[SourceVersionDate "2020.10.23"]
[SourceQuality "1"]
[WhiteTeam "Ketsch II"]
[BlackTeam "Gross Gerau"]
[WhiteTeamCountry "GER"]
[BlackTeamCountry "GER"]

1. d4 f5 2. c4 Nf6 3. Nc3 e6 4. e3 Bb4 5. Bd2 b6 6. Qb3 Nc6 7. f3 0-0 8. Bd3 d6 9. 0-0-0 a5 10. a3 Bxc3 11. Bxc3 a4 12. Qc2 Bd7 13. Ne2 Na5 14. h3 c5 15. g4 Ne8 16. gxf5 exf5 17. Ng3 Qg5 18. Qf2 cxd4 19. Bxd4 Nb3+ 20. Kb1 Nc5 21. Rhg1 Qh4 22. Qg2 g6 23. Bc2 Be6 24. Bc3 Qxc4 25. Rd4 Qa2+ 26. Kc1 Nb3+ 27. Bxb3 Bxb3 28. h4 Rc8 29. Ne2 Rxc3+ 30. Nxc3 Qa1+ 31. Kd2 Qxb2+ 32. Kd3 Qxa3 33. h5 Rf6 34. f4 b5 35. Qc6 Bc4+ 36. Rxc4 bxc4+ 37. Qxc4+ d5 38. Qc8 Kf8 39. hxg6 hxg6 40. Rh1 Qe7 41. Rh8+ Kf7 42. Rh7+ Ng7 43. Qh8 Qf8 44. Qxf8+ Kxf8 45. Nxd5 Rd6 46. Kc4 Kg8 47. Rh6 Kf7 48. Rh2 Nh5 49. Ra2 Ra6 50. Kb5 Ra7 51. Ra3 Ng3 52. Nc3 Nf1 53. Nxa4 Kf6 54. Rd3 Re7 55. Rd6+ Re6 56. Rxe6+ Kxe6 57. Kc5 Nxe3 58. Nc3 Ng2 59. Nd5 Ne1 60. Kd4 Nf3+ 61. Kc5 Nd2 62. Kd4 1/2-1/2